000 03905cam a22012614i 4500
003 PE-LiUPU
005 20250813185525.0
008 150616s r 000 0 d
035 _a(Sirsi) a3809
040 _aPE-LiUPU
_bspa
_cPE-LiUPU
_erda
049 _aPRUA
082 0 4 _b
_221
110 2 _aBonilla
245 1 0 _aComunidades campesinas: cambios y permanencias.
264 1 _a[Lima] :
_bCONCYTEC,
_c1988.
300 _a298 páginas :
_bilustraciones cuadros, mapas, gráfs. ;
_c21 cm.
336 _atext
_2rdacontent
337 _aunmediated
_2rdamedia
338 _avolume
_2rdacarrier
504 _aIncluye bibliografía.
505 0 _aAproximaciones de conjunto: Comunidades indígenas y Estado Nación en el Perú -- Los grupos étnicos andinos y su integración forzada al sistema colonial temprano -- Comunidades campesinas en el sur andino, siglo XVII -- Comunidades campesinas y rebeliones en el siglo XVIII -- Las comunidades campesinas de la sierra cantral siglo XIX. Estudio de casos: Comunidades y doctrinas: la disputa por las almas. Sierra central (1608-1666) -- Estructura agraria y vida campesina en el valle de Lambayeque, siglo XVIII -- La comunidad indígena y la gran ciudad: los naturales del cuzco y la ciudad minera de Potosí durante la colonia -- Población y etnicidad en el callejón de Conchuelos, siglo XVIII -- Población y conflictos campesinos en Coporaque (Espinar).
526 _aP202
526 _aP201
526 _aP163
526 _aP162
526 _aP161
526 _aP160
526 _aP148
526 _aP147
526 _aP146
526 _aP145
526 _aP144
526 _aP143
526 _aP142
526 _aP141
526 _aP140
526 _aP139
526 _aP138
526 _aP137
526 _aP136
526 _aP135
526 _aP134
526 _aP133
526 _aP129
526 _aP128
526 _aP127
526 _aP120
526 _aP119
526 _aP118
526 _aP116
526 _aP115
526 _aP114
526 _aP110
526 _aP109
526 _aP108
526 _aP104
526 _aP103
526 _aP102
526 _aP99
526 _aP98
526 _aP97
526 _aP96
526 _aP95
526 _aP93
526 _aP90
526 _aP89
526 _aP88
526 _aP83
526 _aP82
526 _aP62
526 _aP59
526 _aP58
526 _aP57
526 _aP51
526 _aP49
526 _aP48
526 _aP47
526 _aP29
526 _aP24
526 _aP20
526 _aP19
526 _aP17
526 _aP15
526 _aP14
526 _aP12
526 _aP10
526 _aP09
526 _aP08
526 _aP07
526 _aP06
526 _aP05
526 _aP04
526 _aP01
650 0 4 _aDESARROLLO RURAL - COMUNIDADES CAMPESINAS.
700 1 _aTrelles, Glave.
700 1 _aPhelan, O.
700 1 _aManrique Flores, Galindo.
910 _ajck
_bjvq
_cjck
942 _2ddc
_cBOOK
949 _a307.074685 T79
_wDEWEY
_c1
_i36608
_lCCODEBUL1
_mBUL
_p00.00
_r0
_sY
_tBOOK
_u2015-04-23
_xBIBLIOTECA
_zUNKNOWN
_0COMPRA
_o.STAFF. Colección General
949 _a307.074685 T79
_wDEWEY
_c2
_i34488
_lCCODEBUL1
_mBUL
_p00.00
_r0
_sY
_tBOOK
_u19930908
_xEDUCACION
_PP20
_0COMPRA
_o.STAFF. Colección General
994 _aC0
_bPEPRU
596 _a1
999 _a307.074685 T79
_wDEWEY
_c46335
_i36608
_d46335
_f2021-11-4
_g5
_lCCODEBUL1
_mBUL
_q1
_r0
_sY
_tBOOK
_u2015-4-23
_xBIBLIOTECA
_zUNKNOWN
_0COMPRA
_o.STAFF. Colección General
999 _a307.074685 T79
_wDEWEY
_c2
_i34488
_f2021-11-4
_g5
_lCCODEBUL1
_mBUL
_r0
_sY
_tBOOK
_u2015-6-16
_xBIBLIOTECA
_PP20
_0COMPRA
_o.STAFF. Colección General
980 _81
_gALBERTO SANCHEZ Responsable de Automatización